Jeux Sonic par image - Statistiques

Statistiques générales
  • Ce quiz a été pris 157 fois
    154 depuis la dernière actualisation
  • Le résultat moyen est 11 sur 16
Statistiques - réponses
Par images Réponse % Correct
Sonic the Hedgehog
93%
Sonic Heroes
86%
Sonic Adventure
85%
Sonic Unleashed
85%
Shadow the Hedgehog
84%
Sonic Frontiers
82%
Sonic the Hedgehog (2006)
80%
Sonic Generations
75%
Sonic Colors
71%
Sonic Boom
70%
Mario & Sonic aux Jeux Olympiques
66%
Sonic and Knuckles
61%
Sonic 3D Blast
53%
Sonic Advance
52%
Sonic et le Chevalier Noir
52%
Sonic Chronicles
35%
Aucun quiz correspondant
Distribution des résultats
% des personnes avec chaque résultat
Percentile par nombre de réponses
Votre historique - résultats
Vous n’avez pas pris ce quiz depuis la dernière actualisation